00322nam a2200133Ia 4500008004100000020001500041041001200056082001600068100001800084245004500102260002500147300000800172650000800180221030s9999 xx 000 0 und d a0074518534 aEnglish a105.23bRam aK. V. Ramanan 0aFunctional Electronicscby K. V. Ramanan bTMHaNew Delhic2000 a751 aECE